Normal view
MARC view
Entry Personal Name
001 - CONTROL NUMBER
- control field: 40692
003 - CONTROL NUMBER IDENTIFIER
- control field: dpl
005 - DATE AND TIME OF LATEST TRANSACTION
- control field: 20120203123801.0
008 - FIXED-LENGTH DATA ELEMENTS
- fixed length control field: 120203|||a|||||| | ||| d
040 ## - CATALOGING SOURCE
- Original cataloging agency: dpl
- Transcribing agency: dpl
100 ## - HEADING--PERSONAL NAME
- Personal name: Balagurusamy, E.
670 ## - SOURCE DATA FOUND
- Source citation: Work cat.: (dpl): Balagurusamy, E. , Programming in ANSI C /, 2001
670 ## - SOURCE DATA FOUND
- Source citation: Work cat.: (dpl): Balagurusamy, E. , Programming in ANSI C /, 2001
